Memoria del seminario /
El seminario "Competitividad y Agroempresas en el Contexto de la Apertura Comercial" llevado a cabo en San José, Costa Rica, en noviembre de 1997, y organizado por el Instituto Interamericano de Cooperación para la Agricultura y el Ministerio de Agricultura y Ganadería, abordó la relevanci...
Wedi'i Gadw mewn:
| Awdur Corfforaethol: | |
|---|---|
| Fformat: | Trafodyn Cynhadledd Llyfr |
| Iaith: | Spanish |
| Cyhoeddwyd: |
San José, Costa Rica
IICA
1998
|
| Pynciau: | |
| Tagiau: |
Ychwanegu Tag
Dim Tagiau, Byddwch y cyntaf i dagio'r cofnod hwn!
|
MARC
| LEADER | 00000nam a22000007a 4500 | ||
|---|---|---|---|
| 003 | cru CIDCACS/IIS | ||
| 005 | 20230829212734.0 | ||
| 007 | ta | ||
| 008 | 161012e1998 cr ||||| |||| 00| 0 spa d | ||
| 020 | |a 9290393564 | ||
| 040 | |c CRAI/IIS |a CRAI/IIS | ||
| 090 | |a 07.05.03 C737c | ||
| 111 | |9 150 |a Seminario Competitividad y Agroempresas en el Contexto de la Apertura Comercial |c San José, Costa Rica |d 1997 noviembre 27-28 | ||
| 245 | |a Memoria del seminario / |c Instituto Interamericano de Cooperación para la Agricultura, Ministerio de Agricultura y Ganadería de Costa Rica | ||
| 260 | |a San José, Costa Rica |b IICA |c 1998 | ||
| 300 | |a 153 páginas | ||
| 520 | 3 | |a El seminario "Competitividad y Agroempresas en el Contexto de la Apertura Comercial" llevado a cabo en San José, Costa Rica, en noviembre de 1997, y organizado por el Instituto Interamericano de Cooperación para la Agricultura y el Ministerio de Agricultura y Ganadería, abordó la relevancia de la competitividad y las agroempresas en el marco de la apertura comercial. Durante el evento, se discutieron los desafíos y oportunidades que surgieron debido a la apertura de los mercados, especialmente en el sector agrícola, y se analizaron estrategias para fortalecer la competitividad y el desarrollo de las agroempresas en este nuevo contexto económico. RAR 07/2023 | |
| 650 | 0 | 0 | |2 OCDE |9 5594 |a COMPETITIVIDAD |
| 650 | 0 | 0 | |2 OCDE |9 6025 |a EMPRESAS AGRICOLAS |
| 650 | 0 | 4 | |2 OCDE |9 3788 |a AGRICULTURA COMERCIAL |
| 650 | 0 | 0 | |2 OCDE |9 4320 |a OPORTUNIDADES COMERCIALES |
| 650 | 0 | 4 | |2 OCDE |9 3250 |a MERCADO |
| 650 | 0 | 0 | |2 OCDE |9 7970 |a SECTOR AGRICOLA |
| 650 | 0 | 0 | |2 OCDE |9 2142 |a DESARROLLO ECONOMICO |
| 650 | 0 | 0 | |2 OCDE |9 7931 |a ESTRATEGIAS |
| 651 | 0 | |2 OCDE |9 32 |a COSTA RICA | |
| 942 | |2 ddc |c LI | ||
| 999 | |c 18587 |d 18587 | ||



